Research in sociology of knowledge, sciences and art: an annual compilation of r (Record no. 394)

MARC details
000 -LEADER
fixed length control field 00526nam a2200181Ia 4500
020 ## - INTERNATIONAL STANDARD BOOK NUMBER
ISBN 0-89232-026-5
082 ## - DEWEY DECIMAL CLASSIFICATION NUMBER
Classification number 306.42072 RES;
245 #0 - TITLE STATEMENT
Title Research in sociology of knowledge, sciences and art: an annual compilation of r
260 ## - PUBLICATION, DISTRIBUTION, ETC. (IMPRINT)
Place of publication Greenwich
Name of publisher Jai Press
Year of publication 1978
300 ## - PHYSICAL DESCRIPTION
Number of Pages 289p
500 ## - GENERAL NOTE
General note Contents: Vol.1.
650 ## - SUBJECT ADDED ENTRY--TOPICAL TERM
Topical Term Socialism and art
650 ## - SUBJECT ADDED ENTRY--TOPICAL TERM
Topical Term Art and science - Research
650 ## - SUBJECT ADDED ENTRY--TOPICAL TERM
Topical Term Sociology - Research - Research
650 ## - SUBJECT ADDED ENTRY--TOPICAL TERM
Topical Term Knowledge, Sociology of
700 ## - ADDED ENTRY--PERSONAL NAME
Personal name Jones, Robert Alun
942 ## - ADDED ENTRY ELEMENTS (KOHA)
Koha item type Books
Holdings
Withdrawn status Lost status Damaged status Not for loan Home library Current library Date acquired Full call number Accession Number Price effective from Koha item type
        NASSDOC Library NASSDOC Library 08/06/2004 306.42072 RES; 11450 18/04/2019 Books